00694cam a22002291 4500001001300000003000400013005001700017008004100034010001700075035001900092040004200111042001200153050001500165082001100180100002600191245009000217260005100307300003800358504003000396650002100426999001700447sg 44000134 DLC20260227112743.0800627s1944 nyuf b 000 0 eng c asg 44000134  a(OCoLC)6469081 aU.S. Surg.-gen. off. Libr.cTxCMdDLC apremarc00aRM216b.P4 a613.231 aPelner, Louis,d1907-14aThe diet therapy of disease,ba handbook of practical nutrition,cby Louis Pelner ... aNew York, N.Y.,bPersonal diet service,c1944. a143, [2] p.bplates.c29 x 22 cm. a"References": p. 137-143. 0aDiet in disease. c90390d90390